|
|
|
|
| LEADER |
00000cam a22000004a 4500 |
| 001 |
musev2_3501 |
| 003 |
MdBmJHUP |
| 005 |
20230905040435.0 |
| 006 |
m o d |
| 007 |
cr||||||||nn|n |
| 008 |
090305s2010 mdu o 00 0 eng d |
| 010 |
|
|
|z 2009009808
|
| 020 |
|
|
|a 9781421402925
|
| 020 |
|
|
|z 9780801893902
|
| 020 |
|
|
|z 9781421407753
|
| 035 |
|
|
|a (OCoLC)794700425
|
| 040 |
|
|
|a MdBmJHUP
|c MdBmJHUP
|
| 050 |
0 |
4 |
|a RC489.E24
|b G43 2010
|
| 082 |
0 |
|
|a 616.89/14
|2 22
|
| 100 |
1 |
|
|a Ghaemi, S. Nassir.
|
| 245 |
1 |
4 |
|a The Rise and Fall of the Biopsychosocial Model :
|b Reconciling Art and Science in Psychiatry /
|c S. Nassir Ghaemi.
|
| 264 |
|
1 |
|a Baltimore :
|b Johns Hopkins University Press,
|c 2010.
|
| 264 |
|
3 |
|a Baltimore, Md. :
|b Project MUSE,
|c 2012
|
| 264 |
|
4 |
|c ©2010.
|
| 300 |
|
|
|a 1 online resource (272 pages):
|b ill. ;
|
| 336 |
|
|
|a text
|b txt
|2 rdacontent
|
| 337 |
|
|
|a computer
|b c
|2 rdamedia
|
| 338 |
|
|
|a online resource
|b cr
|2 rdacarrier
|
| 504 |
|
|
|a Includes bibliographical references and index.
|
| 505 |
0 |
|
|a The perils of open-mindedness : Adolf Meyer's psychobiology -- So many theories, so little time : the rise of eclecticism -- Riding madly in all directions : Roy Grinker's "struggle for eclecticism" -- A new model of medicine : George Engel's biopsychosocial model -- Before and after : precursors and followers of the biopsychosocial model -- Cease-fire : ending the psychiatric civil war -- Drowning in data -- Teaching eclecticism -- Psychopharmacology awry -- The vagaries of the real world -- The limits of evidence-based medicine -- Osler's ghost -- The two cultures -- Between science and the humanities -- The meaning of meaning : verstehen explained -- The beginning of a solution : Method-based psychiatry-- A new psychiatric humanism.
|
| 588 |
|
|
|a Description based on print version record.
|
| 650 |
2 |
2 |
|a Psychological Theory.
|
| 650 |
2 |
2 |
|a Models, Psychological.
|
| 650 |
2 |
2 |
|a Models, Biological.
|
| 650 |
2 |
2 |
|a Mental Disorders
|x therapy.
|
| 650 |
1 |
2 |
|a Psychiatry
|x methods.
|
| 650 |
|
0 |
|a Social psychiatry.
|
| 650 |
|
0 |
|a Biological psychiatry.
|
| 650 |
|
0 |
|a Eclectic psychotherapy.
|
| 655 |
|
7 |
|a Electronic books.
|2 local
|
| 710 |
2 |
|
|a Project Muse.
|e distributor
|
| 830 |
|
0 |
|a Book collections on Project MUSE.
|
| 856 |
4 |
0 |
|z Texto completo
|u https://projectmuse.uam.elogim.com/book/3501/
|
| 945 |
|
|
|a Project MUSE - Custom Collection
|
| 945 |
|
|
|a Project MUSE - 2010 Complete
|